|
|
|
|
| LEADER |
00000cam a2200000 a 4500 |
| 001 |
vtls010058403 |
| 003 |
SK-MaSNL |
| 005 |
20260331205628.0 |
| 008 |
251120s2009 xo j f000 0 slo |
| 013 |
|
|
|a 287152
|b SK
|c patent
|d 20100107
|e dátum nadobudnutia účinkov patentu (Vestník ÚPV SR č.: 1/2010)
|d 20091228
|e dátum sprístupnenia patentu
|
| 013 |
|
|
|a 258-2004
|e číslo prihlášky
|d 20021214
|e dátum podania prihlášky
|d 20041201
|e dátum zverejnenia prihlášky (Vestník ÚPV SR č.: 12/2004)
|
| 013 |
|
|
|a 101 63 667.9
|e číslo prioritnej prihlášky
|d 20011221
|e dátum podania prioritnej prihlášky
|b DE
|e kód krajiny prioritnej prihlášky
|
| 015 |
|
|
|a SNBN2014
|
| 040 |
|
|
|a SNK
|b slo
|c SNK
|e AACR2
|
| 041 |
0 |
|
|a slo
|
| 044 |
|
|
|a xo
|c SK
|
| 072 |
|
7 |
|a 615
|x Farmácia. Farmakológia
|2 konspekt
|
| 080 |
|
|
|a 615.214
|2 2001
|
| 084 |
|
|
|a A61K 31/519
|2 IPC
|
| 084 |
|
|
|a A61P 25/00
|2 IPC
|
| 100 |
1 |
|
|a Moormann, Joachim
|4 org
|9 324326
|
| 245 |
1 |
0 |
|a Použitie dezoxypeganínu na liečenie klinickej depresie
|c Joachim Moormann, Hermann Mucke ; patent. zást. Rott, Růžička & Guttmann v. o. s. Bratislava
|
| 260 |
|
|
|a [Banská Bystrica]
|b Úrad priemyselného vlastníctva SR
|c [2009]
|
| 300 |
|
|
|a 5 s.
|b tab.
|c 30 cm
|
| 650 |
0 |
7 |
|a psychofarmaká
|2 SNKPH
|9 2572
|
| 650 |
0 |
7 |
|a antidepresíva
|2 SNKPH
|9 13607
|
| 650 |
0 |
7 |
|a Psychopharmaceuticals
|2 SNKPHeng
|9 324327
|
| 650 |
0 |
7 |
|a Antidepressants
|2 SNKPHeng
|9 323620
|
| 655 |
|
7 |
|a patenty
|2 SNKPH
|9 177343
|
| 655 |
|
7 |
|a patent licenses
|2 SNKPHeng
|9 303430
|
| 700 |
1 |
|
|a Mucke, Hermann
|4 org
|9 324328
|
| 710 |
2 |
|
|a HF Arzneimittelforschung GmbH (Werne, Nemecko)
|4 pth
|9 324329
|
| 710 |
2 |
|
|a Rott, Růžička & Guttmann (Bratislava, Slovensko)
|4 oth
|9 161299
|
| 999 |
|
|
|c 574439
|d 576369
|
| 952 |
|
|
|a SNK
|b SNK
|y PREZ
|7 0
|p 17A1103330
|o snkSK 287152
|i snk2014/3083
|8 0
|0 0
|1 0
|4 0
|d 2014-01-31
|l 0
|r 2026-02-23 14:28:16
|w 2026-02-23
|